[Event "7th Gashimov Memorial-Rapid 2021"]
[Site "Baku"]
[Date "2021.12.19"]
[Round "3.3"]
[White "Rapport, Richard"]
[Black "Caruana, Fabiano"]
[Result "0-1"]
[WhiteElo "2763"]
[BlackElo "2792"]
[Annotator "TA"]
[PlyCount "78"]
[EventDate "2021.12.17"]
[EventType "tourn"]
[EventCountry "AZE"]
[SourceTitle "playchess.com"]
[Source "ChessBase"]
[SourceQuality "1"]

{[%evp 9,78,8,29,19,19,18,18,10,27,-7,5,-4,24,8,34,16,24,14,37,1,11,25,14,-18,
-27,-48,-50,-64,-52,-65,-57,-124,-117,-124,-121,-152,-141,-147,-160,-188,-196,
-370,-341,-377,-130,-123,-113,-158,-139,-122,-131,-146,-123,-129,-131,-133,
-150,-215,-216,-222,-206,-152,-39,-434,-413,-12833,-11814,-12833,-12834,-12831,
-3137]} 1. e4 e5 2. Nf3 Nf6 3. d3 Nc6 4. g3 Be7 5. Bg2 O-O 6. O-O {C44:
Ponziani Opening and Scotch Gambit.} Re8 $5 {[%mdl 4] A promising side line.}
7. Nc3 h6 {[#]} 8. h3 $146 {The position is equal.} ({Predecessor:} 8. Be3 b6
9. a3 Na5 10. Nxe5 d6 11. Nf3 Bb7 12. b4 Nc6 13. Qe2 Nh7 14. Rfe1 Ne5 15. Bf4
Nxf3+ 16. Bxf3 Bf6 {0-1 (16) Ong,W (1265)-Yeoh,H Dewan Astana 2015}) 8... Bf8
9. Nh2 d6 10. f4 Nd4 11. Nf3 c5 12. Kh2 Rb8 13. a4 b6 14. Nb5 Bd7 15. Nbxd4
cxd4 16. g4 Rc8 17. g5 hxg5 18. Nxg5 Qc7 19. Rf2 d5 {Strongly threatening ...
exf4.} 20. fxe5 (20. f5 $15) 20... Rxe5 $17 (20... Qxe5+ 21. Bf4 Qe7 22. e5 $16
(22. exd5 Bf5 $11)) 21. Bf4 Bd6 $1 $36 {[%mdl 2048] ...Rxg5 is the strong
threat. White is under strong pressure.} 22. Kh1 (22. Bxe5 Bxe5+ 23. Kh1 Bg3
$15) 22... Re7 23. Bxd6 Qxd6 24. exd5 Qg3 25. Qd2 (25. Rxf6 {is the only way
for White.} gxf6 26. Ne4) 25... Re3 $19 26. Rxf6 Qxg5 (26... gxf6 $19 {is more
deadly.} 27. Ne4 Qh4) 27. Rf3 $17 Qe5 {Black is much more active.} 28. Raf1 ({
Better is} 28. Kg1) 28... Re2 {[%mdl 64] Skewer} (28... Bxa4 29. c4 Bd7 30. Qf2
$11) 29. Qf4 Qxf4 {Chess con chili.} 30. Rxf4 Rcxc2 31. Bf3 (31. Rxf7 $2 Rxg2
32. R1f3 (32. Rxd7 $2 Rh2+ 33. Kg1 Rcg2#) 32... Rh2+ 33. Kg1 Rcg2+ 34. Kf1 Rxb2
$1 $19) 31... Rh2+ 32. Kg1 Rxh3 ({Not} 32... Rxb2 33. d6 $11) 33. Rf2 (33. Bd1
$17 Rg3+ 34. Kh1) 33... Rg3+ $19 ({But not} 33... Bxa4 34. Rxc2 Bxc2 35. d6
Rxf3 36. Rxf3 $16) 34. Kh2 Rxf2+ ({Weaker is} 34... Rh3+ 35. Kg2 Rxf2+ 36. Kxf2
$17) 35. Kxg3 {[#]} Rxb2 (35... Rd2 $1 $17 {Hoping for ...g5.} 36. Rxd4 g5) 36.
d6 $2 {[%mdl 8192] This move loses the game for White.} (36. Re4 $1 $15) 36...
g5 37. Re4 (37. Rxd4 $142 f5 38. Bd5+ Kg7 39. Be6 Bxe6 40. d7 Bxd7 41. Rxd7+
Kf6 42. Rxa7) 37... f5 {Black is clearly winning.} 38. Re2 Rxe2 39. Bxe2 Kf7 {
Weighted Error Value: White=0.80/Black=0.19 (very precise)} 0-1

[Event "7th Gashimov Memorial-Rapid 2021"]
[Site "Baku"]
[Date "2021.12.20"]
[Round "4.1"]
[White "Mamedyarov, Shakhriyar"]
[Black "Mamedov, Rauf"]
[Result "1/2-1/2"]
[WhiteElo "2767"]
[BlackElo "2656"]
[Annotator "TA"]
[PlyCount "38"]
[EventDate "2021.12.17"]
[EventType "tourn"]
[EventCountry "AZE"]
[SourceTitle "playchess.com"]
[Source "ChessBase"]
[SourceQuality "1"]

{[%evp 18,25,0,0,0,12,6,8,24,14]} 1. g3 g6 2. c4 c6 3. Nf3 Nf6 4. Bg2 Bg7 5.
O-O O-O 6. d4 d5 7. cxd5 cxd5 8. Ne5 Bf5 9. Nc3 Ne4 10. Bf4 Nxc3 {D79:
Fianchetto Grünfeld: Symmetrical Variation (6 0-0 c6 7 cxd5 cxd5).} 11. bxc3
Nc6 12. Nxc6 bxc6 13. Qa4 {[#] A balanced but interesting game.  Weighted
Error Value: White=0.00 (flawless) /Black=0.00 (flawless)} {Predecessor:} e6
$146 14. Qxc6 Rc8 15. Qa4 Rxc3 16. Rfc1 Rxc1+ 17. Rxc1 Qb6 18. e3 Qb2 19. Qd1
h5 {½-½ (39) Ding,L (2812)-Carlsen,M (2845) Shamkir 2019} 1/2-1/2

[Event "7th Gashimov Memorial-Rapid 2021"]
[Site "Baku"]
[Date "2021.12.20"]
[Round "4.1"]
[White "Rapport, Richard"]
[Black "Asadli, Vugar"]
[Result "1/2-1/2"]
[WhiteElo "2763"]
[BlackElo "2579"]
[Annotator "TA"]
[PlyCount "65"]
[EventDate "2021.12.17"]
[EventType "tourn"]
[EventCountry "AZE"]
[SourceTitle "playchess.com"]
[Source "ChessBase"]
[SourceQuality "1"]

{[%evp 9,65,13,30,12,22,3,37,26,39,32,39,44,47,52,39,48,61,58,63,48,73,77,82,
66,75,69,81,81,99,88,97,50,137,144,130,144,137,139,135,131,134,131,98,0,0,0,0,
0,0,0,0,0,0,0,0,0,0,0]} 1. e4 c6 2. Nf3 d5 3. exd5 cxd5 4. d4 Nc6 5. c3 Nf6 6.
Ne5 {B13: Caro-Kann: Exchange Variation and Panov-Botvinnik Attack.} e6 7. Bd3
Bd6 8. f4 {White is slightly better.} O-O 9. Nd2 Ne7 10. O-O b6 11. Qe2 Bb7 12.
g4 {[%cal Bg2g4,Bg4g5][%mdl 32] [#]} Rc8 $146 ({Predecessor:} 12... g6 13. g5
Nh5 14. Rf2 Nf5 15. Nf1 Qe7 16. Bd2 f6 17. Ng4 Rae8 18. Re1 Bc6 19. Bxf5 exf5 {
1-0 (29) Alaz,A (2288)-Ererdem,G (2105) Istanbul 2019}) 13. a4 Bb8 14. Rf3 {
White is much more active.} Ng6 15. g5 Ne4 16. Nxg6 fxg6 17. Nxe4 dxe4 18. Bxe4
Bd5 19. Bd2 Qd7 20. Re1 (20. Rf2 $16) 20... Qxa4 (20... Bb3 $14) 21. Bxd5 $16
exd5 22. Qe6+ Kh8 23. Rh3 $1 {Qxg6 would kill now.} ({Don't take} 23. Qxd5 $6
Rcd8 24. Qb7 Qc2 $14) 23... Qc2 {[#]} 24. Ree3 $1 {[%cal Oh3h7]} Qd1+ (24...
Qxd2 $2 {leads to mate.} 25. Rxh7+ $3 {[%mdl 512]} Kxh7 26. Rh3#) 25. Be1 {
White threatens Qxg6 and mate.} Bxf4 {[#]} 26. Rxh7+ $1 Kxh7 $11 {The position
is equal.} 27. Rh3+ Qh5 {[%cal Oc8e8]} 28. Qg4 Qxh3 (28... Be3+ $2 29. Kg2 $18)
29. Qxh3+ Kg8 30. Qe6+ Kh7 {Threatens to win with ...Rce8.} 31. Qh3+ Kg8 {
Strongly threatening ...Rce8.} 32. Qe6+ Kh7 33. Qh3+ {Weighted Error Value:
White=0.08 (flawless) /Black=0.10 (very precise)} 1/2-1/2

[Event "7th Gashimov Memorial-Rapid 2021"]
[Site "Baku"]
[Date "2021.12.20"]
[Round "4.1"]
[White "Karjakin, Sergey"]
[Black "Anand, Viswanathan"]
[Result "1/2-1/2"]
[WhiteElo "2743"]
[BlackElo "2751"]
[Annotator "TA"]
[PlyCount "33"]
[EventDate "2021.12.17"]
[EventType "tourn"]
[EventCountry "AZE"]
[SourceTitle "playchess.com"]
[Source "ChessBase"]
[SourceQuality "1"]

{[%evp 9,33,14,16,17,27,31,34,7,24,15,10,0,0,0,0,0,8,0,0,0,0,0,0,0,0,0]} 1. e4
e5 2. Nf3 Nc6 3. Bb5 Nf6 {[%cal Bg8f6,Bf6d7,Bd7f8,Bf8e6,Be6f4][%mdl 32]} 4. d3
Bc5 5. Bxc6 dxc6 6. O-O {C65: Ruy Lopez: Berlin Defence (3...Nf6), unusual
lines and 4 0-0 Bc5.} Qd6 7. h3 O-O 8. Nc3 {[#] White is slightly better.} Nd7
$146 ({Predecessor:} 8... a5 9. Ne2 Bb6 10. Ng3 a4 11. a3 Re8 12. Nh4 g6 13.
Kh1 Ra5 14. Bg5 Rb5 {1-0 (57) Harvey,D (2371)-Risdon,A (1927) ICCF email 2013})
9. Na4 Re8 {The position is equal.} 10. Re1 Bb6 11. Bd2 Nf8 12. b3 Ne6 13. Nxb6
axb6 14. Bc3 Nf4 15. Bd2 Ne6 16. Bc3 Nf4 17. Bd2 {Not much happened in this
game.  Weighted Error Value: White=0.05 (flawless) /Black=0.03 (flawless)}
1/2-1/2

[Event "7th Gashimov Memorial-Rapid 2021"]
[Site "Baku"]
[Date "2021.12.20"]
[Round "4.1"]
[White "Navara, David"]
[Black "Caruana, Fabiano"]
[Result "0-1"]
[WhiteElo "2697"]
[BlackElo "2792"]
[Annotator "TA"]
[PlyCount "119"]
[EventDate "2021.12.17"]
[EventType "tourn"]
[EventCountry "AZE"]
[SourceTitle "playchess.com"]
[Source "ChessBase"]
[SourceQuality "1"]

{[%evp 21,119,25,62,64,63,61,65,77,77,71,68,66,124,127,141,115,116,131,123,103,
103,103,111,108,111,111,111,102,109,109,117,122,133,119,117,103,103,67,67,67,
152,140,152,152,152,152,152,152,152,152,152,152,152,152,152,152,152,152,152,
152,152,152,152,152,152,21,152,152,152,0,0,-218,-202,-217,-190,-193,-190,-414,
-402,-403,-403,-332,-400,-389,-369,-686,-618,-1046,-866,-1079,-1059,-1108,
-1045,-934,-923,-6095,-5614,-5065,-857,-2441]} 1. d4 Nf6 2. c4 g6 3. Nc3 Bg7 4.
e4 d6 5. Nf3 O-O 6. Be2 e5 7. O-O h6 8. Re1 Nbd7 9. Bf1 Re8 10. Rb1 exd4 11.
Nxd4 Nc5 {[%cal Rc5e4]} 12. f3 {E95: King's Indian: Classical: 7...Nbd7 8 Re1.}
a5 13. Be3 c6 14. Qd2 {White is slightly better.} Kh7 15. Rbd1 {[%cal Od4c6] 
[#] And now Nxc6! would win.} Nfd7 $146 ({Predecessor:} 15... a4 16. Nxc6 Ncxe4
17. Nxd8 Nxd2 18. Nxf7 Nxf1 19. Kxf1 Be6 20. Nxd6 Red8 21. c5 a3 {1-0 (33)
Laurent,J (2204)-Mustaps,M (2344) Chess.com INT 2018}) 16. Nb3 Qh4 (16... Nxb3
$14 17. axb3 Bf8) 17. Nxc5 $16 ({But not} 17. Qxd6 Be5 18. g3 Qh5 $14) 17...
Nxc5 18. Bf2 Qh5 19. g4 Qg5 20. Qxg5 hxg5 21. Rxd6 Nd7 22. Na4 $1 Ne5 23. Kg2
Bf8 24. Rd4 Be6 25. b3 Rab8 26. c5 Be7 27. Bg3 f6 28. Red1 Kg7 29. Bc4 (29. Be1
{keeps more tension.} Ra8 30. h3 Red8 31. Rxd8 Bxd8 32. Bc3) 29... Bxc4 30.
bxc4 ({Don't go for} 30. Rxc4 $2 Nxc4 31. bxc4 Rbd8 $19) 30... Red8 (30... Kf7
$14) 31. Rxd8 Rxd8 32. Rxd8 Bxd8 33. Bxe5 fxe5 {[%mdl 4096] Endgame [#] KB-KN}
34. Nb2 $1 Kf6 35. Kf1 Ke6 36. Ke2 Kd7 37. Kd2 Kc7 38. Nd3 Bf6 39. Kc3 Kb8 40.
Kb3 Ka7 41. Ka3 Bg7 42. Ka4 Ka6 43. Nc1 (43. Kb3 $16) 43... Bf6 (43... Bf8 $11
{remains equal.}) 44. Kb3 Ka7 45. Ne2 $2 (45. Nd3 $16) 45... Be7 $11 46. f4 $2
(46. Ng1 $11) 46... exf4 $19 ({And not} 46... gxf4 47. Ng1 $11) 47. Nd4 Bxc5
48. Nf3 {[#]} Be7 49. c5 $2 (49. Kc3 {is a better defense.}) 49... Bxc5 50.
Nxg5 Be7 51. Nf3 g5 52. e5 {[%cal Oh2h4]} Kb6 {White must now prevent ...Kc5.}
53. h4 $2 (53. Kc4 Kc7 54. Kd3) 53... gxh4 {Threatens to win with ...Kc5.
Black is clearly winning.} 54. g5 {g6 is the strong threat.} Kc5 55. g6 Bf8 56.
Nxh4 Kd5 57. Nf3 b5 {[%cal Bb7b5,Bb5b4][%mdl 32]} 58. a4 b4 59. Nd2 Bh6 (59...
Kxe5 $142 60. Kc4 Bg7) 60. Nf3 {Weighted Error Value: White=0.54/Black=0.23 
(precise)} 0-1

[Event "7th Gashimov Memorial-Rapid 2021"]
[Site "Baku"]
[Date "2021.12.20"]
[Round "4.2"]
[White "Caruana, Fabiano"]
[Black "Navara, David"]
[Result "0-1"]
[WhiteElo "2792"]
[BlackElo "2697"]
[Annotator "TA"]
[PlyCount "92"]
[EventDate "2021.12.17"]
[EventType "tourn"]
[EventCountry "AZE"]
[SourceTitle "playchess.com"]
[Source "ChessBase"]
[SourceQuality "1"]

{[%evp 21,92,7,7,0,0,0,0,-16,-22,-16,-14,-20,-17,-22,-18,-135,-120,-120,-120,
-155,-152,-142,-135,-176,-170,-173,-173,-187,-187,-178,-162,-189,-179,-180,
-188,-247,-221,-256,-252,-255,-237,-287,-211,-216,-209,-214,-218,-215,-214,
-212,-208,-199,-206,-268,-264,-253,-232,-293,-292,-8047,-7827,-6945,-7070,
-5684,-5547,-2777,-2491,-7827,-5093,-12837,-8493,-12793,-6209]} 1. d4 Nf6 2. c4
e6 3. Nc3 Bb4 4. e3 O-O 5. Bd3 d5 6. Nf3 b6 7. O-O Bb7 8. cxd5 exd5 9. a3 Bd6
10. b4 Nbd7 11. Bb2 a6 12. Qb3 {E52: Nimzo-Indian: Rubinstein: 4...0-0 5 Nf3
d5 6 Bd3 b6.} Re8 13. a4 c6 {[#]} 14. Ne2 $146 {The position is equal.} ({
Predecessor:} 14. Rfe1 Ne4 15. Bxe4 dxe4 16. Nd2 Nf6 17. Nc4 Bxh2+ 18. Kxh2
Ng4+ 19. Kg1 Qh4 20. Nd1 {0-1 (33) Sarkar,J (2338)-Praggnanandhaa,R (2608)
Riga 2021}) 14... b5 15. a5 Qe7 16. Bc3 Ne4 17. Rab1 Ndf6 18. Ng3 {[#] White
is now going downhill.} (18. Ne5 $11 {remains equal.}) 18... Nxg3 $1 $17 19.
hxg3 {[#]} Bxg3 $1 {[%mdl 512]} 20. Qd1 (20. Qc2 Bd6) 20... Bd6 21. Ne5 Ne4 22.
Bxe4 (22. Qb3 $17 {was called for.}) 22... dxe4 $19 23. f4 exf3 24. Rxf3 Bxe5
25. dxe5 c5 26. Rg3 Be4 27. Qg4 {[%csl Gg3][%cal Rg4g7]} Bg6 {Threatens to win
with ...h5. Active counter play!} 28. Rf1 (28. Rd1 $142) 28... cxb4 29. Bxb4
Qxe5 30. Qf4 Rac8 31. Rd1 Qxf4 32. exf4 Rc4 {[%csl LRb4,LRf4]} 33. Re3 {
[%cal Re3e8]} f6 34. Rxe8+ Bxe8 {[%mdl 4096] Endgame KRB-KRB} 35. Be1 Kf7 36.
Rd6 Bc6 ({Weaker is} 36... Rxf4 37. Rxa6 Bd7 38. g3 $17) 37. g3 Kg6 38. Kf2 Kf5
39. Ke3 Kg4 40. Rd4 $2 (40. Rd2) 40... Rxd4 {Black is clearly winning.} 41.
Kxd4 {KB-KB} Kf3 42. Kc5 Bd7 {Strongly threatening ...Bf5.} 43. Kb6 Bc8 {
White must now prevent ...h5.} 44. Kc7 Bf5 {[%cal Ob5b4]} 45. Kb6 h5 {[%cal
Ob5b4] ( -> ...b4!)} 46. Kxa6 b4 {Weighted Error Value: White=0.68/Black=0.07 
(flawless)} 0-1

[Event "7th Gashimov Memorial-Rapid 2021"]
[Site "Baku"]
[Date "2021.12.20"]
[Round "4.2"]
[White "Anand, Viswanathan"]
[Black "Karjakin, Sergey"]
[Result "0-1"]
[WhiteElo "2751"]
[BlackElo "2743"]
[Annotator "TA"]
[PlyCount "69"]
[EventDate "2021.12.17"]
[EventType "tourn"]
[EventCountry "AZE"]
[SourceTitle "playchess.com"]
[Source "ChessBase"]
[SourceQuality "1"]

{[%evp 13,69,15,22,0,0,0,16,6,25,4,9,15,24,10,17,20,21,24,25,19,40,10,16,25,6,
10,26,22,35,28,27,-36,-31,-43,-31,-46,0,0,0,0,0,-96,-85,-194,51,0,0,0,0,0,34,
43,108,103,104,-105,9,45]} 1. e4 e5 2. Nf3 Nc6 3. Bc4 Bc5 4. c3 Nf6 5. d3 O-O
6. O-O d6 7. a4 {7.Re1 gains popularity.} a5 8. Nbd2 {[%cal Bb1d2,Bd2f1,Bf1g3]
[%mdl 32] C54: Giuoco Piano: 4 c3 Nf6, main lines with 5 d4 and 5 d3.} h6 9.
Re1 Ba7 10. Nf1 Ne7 11. Ng3 Ng6 12. h3 c6 13. Bb3 d5 14. exd5 Nxd5 15. d4 exd4
16. Nxd4 Be6 17. Bc2 {[#]} Bd7 $146 ({Predecessor:} 17... Ngf4 18. Ndf5 b5 19.
axb5 cxb5 20. Qf3 Bb8 21. Bxf4 Bxf4 22. Nxg7 Kxg7 23. Nh5+ Kg8 24. Qe4 Re8 25.
Qh7+ Kf8 26. Nxf4 Qf6 27. Rxe6 {1-0 (27) Zierk,S (2500)-Wang,T (2310)
Charlotte 2019}) 18. Ndf5 Bxf5 19. Nxf5 Qf6 20. Qf3 Rae8 21. Bd2 Ne5 22. Qe4 (
22. Qg3 $11 Kh8 23. Rad1) 22... g6 $15 23. Nxh6+ Kg7 $1 24. Rf1 Rh8 (24... Qd8
$1 $15 {feels stronger.} 25. Ng4 f5 $1 26. Qxe5+ (26. Bh6+ $2 Kh7 $19) 26...
Rxe5 27. Nxe5 Re8) 25. Ng4 $1 $11 Nxg4 {Dancing on a razor blade.} 26. Qxg4 Rh4
$1 27. Qg3 (27. Bg5 Qxf2+ $3 {[%mdl 512]} 28. Rxf2 Rxg4 29. hxg4 Re2 $17) (27.
Qg5 $1 $11) 27... Nf4 $1 $17 {Black is much more active.} 28. Rae1 (28. Bd1 $17
) 28... Reh8 $2 (28... Ne2+ $19 29. Rxe2 Rxe2) 29. Be3 (29. Re4 $1 $14 Bb8 30.
Bxf4 Rxf4 31. Rxf4 Bxf4 32. Qf3) 29... Bb8 $11 {[%cal Rf4h3] Hoping for ...
Nxh3+!} 30. Bxf4 (30. Bd4 Nxh3+ $1 31. Qxh3 Rxd4 32. Qxh8+ Kxh8 $15) 30... Rxf4
31. Qe3 Bd6 {Inhibits Qe7.} (31... Rg4 $5) 32. Rd1 Rh5 (32... Rfh4 $14) 33. g3
$1 $16 {aiming for Rxd6.} Rc4 34. Qd3 $2 {[#]} (34. Kg2 $1 $16 {is forced if
you want to stay better.}) 34... Qe6 $1 35. Qf3 $1 {[%mdl 32768] Weighted
Error Value: White=0.25 (precise) /Black=0.22 (precise) . Loss on time!?} ({
Avoid the trap} 35. Qxd6 $2 Qxh3 36. Qe5+ Rxe5 $19) 0-1

[Event "7th Gashimov Memorial-Rapid 2021"]
[Site "Baku"]
[Date "2021.12.20"]
[Round "4.2"]
[White "Mamedov, Rauf"]
[Black "Mamedyarov, Shakhriyar"]
[Result "1/2-1/2"]
[WhiteElo "2656"]
[BlackElo "2767"]
[Annotator "TA"]
[PlyCount "32"]
[EventDate "2021.12.17"]
[EventType "tourn"]
[EventCountry "AZE"]
[SourceTitle "playchess.com"]
[Source "ChessBase"]
[SourceQuality "1"]

{[%evp 9,32,21,33,25,41,20,30,26,36,31,60,60,78,27,38,32,35,41,38,0,15,0,0,0,0]
} 1. e4 d5 2. exd5 Qxd5 3. Qf3 Nf6 4. Nc3 Qxf3 5. Nxf3 c6 6. g3 {[#] B01:
Scandinavian Defence.} Na6 $146 {[%cal Bb8a6,Ba6c7,Bc7d5][%mdl 32]} ({
Predecessor:} 6... Bf5 7. d3 Nbd7 8. Bg2 e5 9. O-O Bd6 10. Re1 O-O 11. a4 a5
12. b3 Rfe8 {0-1 (46) Weidig,T (2016)-Bakalarz,M (2350) Luxembourg 2014}) 7. a3
{Inhibits Nb4.} (7. Bxa6 $5 bxa6 8. d3 $11) 7... Nc7 8. Bg2 {White has an edge.
} Ncd5 9. O-O Bf5 10. d3 h6 11. Bd2 (11. Nd4 $16 Bh7 12. Ne4) 11... e6 $11 12.
Rfe1 Be7 13. Nd4 Bh7 14. Nf3 O-O {The position is equal.} 15. Ne4 Nxe4 16. dxe4
Nb6 {Weighted Error Value: White=0.14 (very precise) /Black=0.07 (flawless)}
1/2-1/2

[Event "7th Gashimov Memorial-Rapid 2021"]
[Site "Baku"]
[Date "2021.12.20"]
[Round "4.2"]
[White "Asadli, Vugar"]
[Black "Rapport, Richard"]
[Result "0-1"]
[WhiteElo "2579"]
[BlackElo "2763"]
[Annotator "TA"]
[PlyCount "83"]
[EventDate "2021.12.17"]
[EventType "tourn"]
[EventCountry "AZE"]
[SourceTitle "playchess.com"]
[Source "ChessBase"]
[SourceQuality "1"]

{[%evp 11,83,0,0,0,0,0,31,0,0,0,0,0,0,0,-8,0,-6,-43,-35,-39,-22,-77,-78,-81,
-77,-114,-116,-107,-84,-95,-98,-87,-105,-100,-49,-63,-62,-58,-54,-59,-8,-37,
-37,-39,-32,-44,-4,-20,0,-310,-295,-484,-124,-115,0,-485,-484,-487,-466,-495,
-470,-12837,-12838,-12838,-12838,-12839,-12839,-12840,-12839,-12842,-12842,
-12843,-12843,-12845]} 1. e4 e6 2. d4 d5 3. Nc3 Bb4 4. Bd3 {[%cal Bf1d3,Bd3e4,
Be4f3][%mdl 32]} dxe4 5. Bxe4 Nf6 6. Bf3 O-O 7. Nge2 {C15: French: 3 Nc3 Bb4:
Unusual White 4th moves.} e5 8. dxe5 Qxd1+ 9. Kxd1 {White is slightly better.}
Ng4 10. Bxg4 Bxg4 11. f3 Bf5 12. a3 Bxc3 13. Nxc3 Nc6 {[#]} 14. Re1 $146 ({
Predecessor:} 14. Bf4 Rad8+ 15. Ke2 Nd4+ 16. Kf2 h6 17. Rad1 Ne6 18. Bg3 Bxc2
19. Rd5 Rxd5 20. Nxd5 {0-1 (44) Kavyev,E (1656)-Petryakova,N (1767) Saratov
2013}) 14... Rad8+ 15. Bd2 {[%cal Bc1d2,Bd2c3,Bc3e5][%mdl 32]} Rfe8 16. Kc1 {
[#]} (16. b3 $11 {keeps the balance.}) 16... Nd4 $1 $17 ({Don't play} 16...
Rxe5 $6 17. Rxe5 Nxe5 18. Bf4 $11) 17. Ne4 Rxe5 18. Bc3 Bxe4 19. fxe4 f5 {
Black is much more active.} 20. b4 Rxe4 21. Rxe4 fxe4 {[%mdl 4096] Endgame
KRB-KRN} 22. Kb2 {[#]} Nb5 (22... Nf5 $1 $17) 23. Be5 $15 Re8 24. Bg3 Kf7 25.
c4 Nd6 (25... Nd4 $1 $15) 26. c5 Nf5 27. Bxc7 e3 {White must now prevent ...e2.
} 28. Kc3 e2 29. Kd2 Ne3 30. Bg3 $2 {[%mdl 8192]} (30. Re1 $1 $11) 30... Nxg2
$19 31. Be1 $2 (31. Rg1 Ne3 32. Kxe2) 31... Ne3 $2 (31... Rd8+ $19 32. Kxe2
Re8+ 33. Kf2 Nxe1 34. Rxe1 Rxe1 35. Kxe1 Ke6) 32. Bg3 $17 Ng2 $2 {[%mdl 8192]}
(32... h5 $17 33. Kd3 Nf1) 33. Be1 $19 Rd8+ {Black is clearly winning.} 34.
Kxe2 Re8+ 35. Kd2 Nxe1 36. Rxe1 (36. h3 $142) 36... Rxe1 37. Kxe1 {KP-KP} Ke6
38. Ke2 Kd5 39. Kd3 a6 40. h3 g5 41. Ke3 h5 42. Kf3 {Weighted Error Value:
White=0.56/Black=0.30} 0-1

[Event "7th Gashimov Memorial-Rapid 2021"]
[Site "Baku"]
[Date "2021.12.20"]
[Round "4.3"]
[White "Mamedyarov, Shakhriyar"]
[Black "Mamedov, Rauf"]
[Result "1-0"]
[WhiteElo "2767"]
[BlackElo "2656"]
[Annotator "TA"]
[PlyCount "51"]
[EventDate "2021.12.17"]
[EventType "tourn"]
[EventCountry "AZE"]
[SourceTitle "playchess.com"]
[Source "ChessBase"]
[SourceQuality "1"]

{[%evp 9,51,-10,0,-49,13,13,6,7,17,8,15,6,17,8,8,0,37,26,18,0,0,-31,-21,-110,
-69,-69,-58,-179,-138,-151,-153,-161,-51,-145,-158,-132,-139,-452,-86,-78,-27,
-34,29991,29992]} 1. d4 d5 2. Bf4 Bf5 3. Nf3 Nf6 4. e3 e6 5. Ne5 Nbd7 6. g4 {
[#] D02: 1 d4 d5 2 Nf3 sidelines, including 2...Nf6 3 g3 and 2...Nf6 3 Bf4.} (
6. Bd3 $11 {feels stronger.}) 6... Nxe5 (6... Nxg4 $1 $15 7. Nxg4 h5) 7. gxf5
$11 Nc6 8. fxe6 {The position is equal.} fxe6 9. Nd2 Bd6 {Strongly threatening
...Bxf4.} 10. Bg5 {[#]} Qd7 $146 ({Predecessor:} 10... h6 11. Bh4 g5 12. Bg3
Qe7 13. c3 O-O-O 14. Qa4 Rhf8 15. Bb5 Nb8 16. Qxa7 h5 {1-0 (33) Zsamboki,
I-Ivanyi,A (2275) Hungary 1993}) 11. c4 O-O $1 12. Rg1 Kh8 (12... Bb4 $5 {
[%cal Rf6e4]} 13. Bxf6 (13. a3 $2 Bxd2+ 14. Kxd2 Ne4+ 15. Kc1 Nxg5 $19) 13...
Rxf6 $11) 13. c5 Be7 14. f4 {Inhibits e5.} b6 15. Bxf6 Bxf6 16. Bd3 (16. Bb5
$11 {keeps the balance.} bxc5 17. Nb3) 16... e5 (16... Nb4 $17 17. Nb3 Bh4+ 18.
Kd2 Nxd3 19. Kxd3 Qb5+ 20. Kd2 (20. Kc2 $2 Bf2 $19) 20... bxc5 21. Nxc5 e5) 17.
Qh5 $1 $15 {[%csl Gd3][%cal Rh5h7]} (17. dxe5 $2 Bh4+ 18. Rg3 Qh3 $19) 17... e4
18. Nxe4 dxe4 $19 19. Bxe4 {[%csl Ge4][%cal Rh5h7]} g6 20. Bxg6 {[%cal Be4g6,
Bg6d3,Bd3h7][%mdl 32]} bxc5 (20... Rg8 $19 {[%cal Og8g6]} 21. Kf1 bxc5) 21.
O-O-O (21. Rg3 $1 $15 cxd4 22. O-O-O) 21... Qe7 $17 {[%cal Rc5d4]} (21... cxd4
22. Rg3 Rg8 23. Bf5 $15) 22. Kb1 Rab8 23. Rc1 $2 {[%mdl 8192]} (23. Rg3 $17 {
is a better chance.} cxd4 24. b3) 23... Rb5 $2 (23... Rg8 $19 24. Bxh7 Qxh7+
25. Qxh7+ Kxh7 26. Rxg8 Kxg8 27. Rxc5 Nb4 28. Rxc7 Nd5 29. Rxa7 Nxe3) 24. Bd3
Rb6 (24... Ra5 $17 {[%cal Oc5d4]} 25. Rxc5 Rxc5 26. Qxc5 Qxc5 27. dxc5 Rd8) 25.
Rxc5 $11 {[%cal Od3h7] [#] Threatening mate with Bxh7! Dancing on a razor
blade.} Nb4 $2 {[%mdl 8192] [#]} (25... Nxd4 $1 $15 26. b3 (26. exd4 $2 Bxd4
27. Re5 Rxb2+ 28. Kc1 Bxe5 $19) (26. Rg2 Ne6) 26... Nb5 27. Qxh7+ (27. Rxb5
Rxb5 28. Qxb5 Qxe3 $11) 27... Qxh7 28. Bxh7 Na3+ 29. Kc1 Rb5 30. Rxc7 Rh5) 26.
Bxh7 $1 {[%mdl 576] Decoy.  Weighted Error Value: White=0.43/Black=0.84} 1-0